| 000 | 00655nam a2200205 4500 | ||
|---|---|---|---|
| 005 | 20250709123515.0 | ||
| 010 | _aENG-145805 | ||
| 020 |
_a9789364446488 _c350.00 |
||
| 035 | _aEN-129337 | ||
| 037 | _bDBAD | ||
| 082 |
_a000 _25 |
||
| 100 |
_aM Karthikeyan _982826 |
||
| 245 |
_aEthics, Integrity and Aptitute/ _cM Karthikeyan |
||
| 250 | _a5 | ||
| 260 |
_aTamil Nadu _bMcgraw Hill Education Pvt Ltd _c2025 |
||
| 270 |
_aAnjana Complex No: 5/90 A, Butt Road, St Thomas Mount _bTamil Nadu _e600016 |
||
| 300 |
_axviii, 557p. _c24cm(pb) _bIndex |
||
| 500 | _aFor UPSC & State Civil Services Examinations | ||
| 942 |
_2ddc _cEN _h000 _mKAR |
||
| 999 |
_c212270 _d212270 |
||